000
00322nam a2200109Ia 4500
008
220216s9999 xx 000 0 und d
100
_a
Ao Shuochang
245
0
_a
Exploration of the high yield physiological regulation of Hevea brasiliensis in Xishuangbanna
650
_a
Rubber yield
700
_a
Guo Yagang
942
_c
JS
999
_c
59148
_d
59148